IFM Opac

Tax Research (Record no. 21465)

MARC details
000 -LEADER
fixed length control field 00446nam a2200157Ia 4500
020 ## - INTERNATIONAL STANDARD BOOK NUMBER
International Standard Book Number 0 13 601531 4
082 ## - DEWEY DECIMAL CLASSIFICATION NUMBER
Classification number 343.7304072 KAR
100 ## - MAIN ENTRY--PERSONAL NAME
Personal name Karlin, Barbara H.
9 (RLIN) 145
245 ## - TITLE STATEMENT
Title Tax Research
250 ## - EDITION STATEMENT
Edition statement 4th ed.
260 ## - PUBLICATION, DISTRIBUTION, ETC.
Place of publication, distribution, etc. Upper Saddle River, NJ:
Name of publisher, distributor, etc. Pearson Education
Date of publication, distribution, etc. 2009
300 ## - PHYSICAL DESCRIPTION
Extent xi, 541p.:
Other physical details ill.;26cm.
500 ## - GENERAL NOTE
General note Includes index
650 ## - SUBJECT ADDED ENTRY--TOPICAL TERM
Topical term or geographic name entry element Taxation--Law and legislation--United States--Legal Research
9 (RLIN) 146
942 ## - ADDED ENTRY ELEMENTS (KOHA)
Koha item type Books
Holdings
Withdrawn status Lost status Damaged status Not for loan Home library Current library Shelving location Date acquired Total Checkouts Full call number Barcode Date last seen Price effective from Koha item type
        IFM Dodoma Campus Library IFM Dodoma Campus Library Dodoma Center 08/01/2017   343.7304072 KAR 0000028775 08/01/2017 05/18/2022 Books
        IFM Dodoma Campus Library IFM Dodoma Campus Library Dodoma Center 08/01/2017   343.7304072 KAR 0000028777 08/01/2017 05/18/2022 Books